Data communications and networking (Record no. 183587)
[ view plain ]
| 000 -LEADER | |
|---|---|
| fixed length control field | 00433nam a2200157Ia 4500 |
| 005 - DATE AND TIME OF LATEST TRANSACTION | |
| control field | 20250502103701.0 |
| 008 - FIXED-LENGTH DATA ELEMENTS--GENERAL INFORMATION | |
| fixed length control field | 231217s9999 xx 000 0 und d |
| 020 ## - INTERNATIONAL STANDARD BOOK NUMBER | |
| International Standard Book Number | 9780070634145 |
| 082 ## - DEWEY DECIMAL CLASSIFICATION NUMBER | |
| Classification number | 001.64404 FOR1;91 |
| 100 ## - MAIN ENTRY--PERSONAL NAME | |
| Personal name | Forouzan, Behrouz A. Fegan, Sophia Chung. |
| 245 #0 - TITLE STATEMENT | |
| Title | Data communications and networking |
| 250 ## - EDITION STATEMENT | |
| Edition statement | 4th ed. |
| 260 ## - PUBLICATION, DISTRIBUTION, ETC. (IMPRINT) | |
| Date of publication, distribution, etc. | 2009 |
| Name of publisher, distributor, etc. | Tata McGraw-Hill |
| Place of publication, distribution, etc. | New Delhi |
| 300 ## - PHYSICAL DESCRIPTION | |
| Extent | xxxiv+1134 |
| 942 ## - ADDED ENTRY ELEMENTS (KOHA) | |
| Koha item type | Books |
| Date last seen | Total Checkouts | Full call number | Accession number | Old discount | Uniform Resource Identifier | Cost, replacement price | Price effective from | Category | Lost status | Damaged status | Department | Withdrawn status | bill no. | bill date | Permanent Location | Current Location | Shelving location | Entry date | Vendor | Cost, normal purchase price | Grants | Currency symbol | Conversion rate | Discount | Discount type |
|---|---|---|---|---|---|---|---|---|---|---|---|---|---|---|---|---|---|---|---|---|---|---|---|---|---|
| 26/01/2024 | 001.64404 FOR1;91 | 55033 | 25 | digital/content/49432.pdf | 318.75 | 26/01/2024 | Books | Information Science | 54739 | 30/01/2013 | Central Library | Central Library | Central Library | 22/07/2009 | Book Paradise | 425.00 | IS | RS | 1 | 106.25 | Rupees | ||||
| 26/01/2024 | 001.64404 FOR1;92 | 55034 | 25 | digital/content/49432.pdf | 318.75 | 26/01/2024 | Books | Information Science | 54739 | 30/01/2013 | Central Library | Central Library | Central Library | 22/07/2009 | Book Paradise | 425.00 | IS | RS | 1 | 106.25 | Rupees |
